MARC보기
LDR00000nam k2200205 c 4500
001000000176552
008131014s2012 ulkad 000a kor
007ta
020 ▼a 9788956164960 ▼g 93510: ▼c \34000
040 ▼a 248032 ▼c 248032 ▼d 248032
0490 ▼l EM84571 ▼v 2012 ▼l EM84572 ▼v 2012 ▼c 2
056 ▼a 510.75077 ▼2 4
090 ▼a 510.75077 ▼b 대92ㅇ4
110 ▼a 대한의료정보학회
24510 ▼a 의료정보관리사: ▼b master bible / ▼d 대한의료정보학회, ▼e 한국의료정보교육협회 [공]편저.
250 ▼a 개정3판.[실은4판].
260 ▼a 서울 : ▼b 청구문화사, ▼c 2012.
300 ▼a 772 p.: ▼b 삽화, 도표 ; ▼c 26 cm.
653 ▼a 의료정보관리사 ▼a 의료정보 ▼a 의료학 ▼a 의료정보교육
710 ▼a 한국의료정보교육협회
9500 ▼b \34000
990 ▼a 관리자2 ▼b 관리자2
00520131106093723